000
00307nam a22001337a 4500
008
170531b xxu||||| |||| 00| 0 eng d
020
_a
0907582567
041
_a
eng
080
_a
94
100
_a
17
101
_a
SHH
245
_a
HITLER THE QUEST FOR WORLD DOMINION
_c
STOAKES,G
942
_2
udc
_c
BK
999
_c
15138
_d
15138